书目信息 |
| 题名: |
建设工程项目管理
|
|
| 作者: | 高华 , 陈伟珂 , 黄艳敏 著 | |
| 分册: | ||
| 出版信息: | 北京 机械工业出版社 2008.04 |
|
| 页数: | 246页 | |
| 开本: | 26cm | |
| 丛书名: | ||
| 单 册: | ||
| 中图分类: | F284 | |
| 科图分类: | ||
| 主题词: | 基本建设项目--ji ben jian she xiang mu--项目管理--考核--自学参考资料 | |
| 电子资源: | ||
| ISBN: | 978-7-111-23667-2 | |
| 000 | 01043nam0 2200265 450 | |
| 001 | 012008219013 | |
| 005 | 20080612175122.68 | |
| 010 | @a978-7-111-23667-2@dCNY42.00 | |
| 100 | @a20080612d2008 em y0chiy0120 ea | |
| 101 | 0 | @achi |
| 102 | @aCN@b110000 | |
| 105 | @ak z 000yy | |
| 106 | @ar | |
| 200 | 1 | @a建设工程项目管理@Ajian she gong cheng xiang mu guan li@f高华, 陈伟珂, 黄艳敏著@Fgao hua,chen wei ke,huang yan min zhu |
| 210 | @a北京@c机械工业出版社@d2008.04 | |
| 215 | @a246页@d26cm | |
| 300 | @a机工建筑考试 2008全国一级建筑师执业资格考试教习全书 | |
| 330 | @a本书内容包括:建设工程项目的组织与管理、建设工程项目施工成本控制、建设工程项目进度控制、建设工程职业健康安全与环境管理等七部分。每章包括考点集成、重要考点详解、同步练习等内容。 | |
| 606 | 0 | @a基本建设项目@Aji ben jian she xiang mu@x项目管理@x考核@j自学参考资料 |
| 690 | @aF284@v4 | |
| 701 | 0 | @a高华@Agao hua@4著 |
| 701 | 0 | @a陈伟珂@Achen wei ke@4著 |
| 701 | 0 | @a黄艳敏@Ahuang yan min@4著 |
| 801 | 0 | @aCN@bQSSK@c20080612 |
| 905 | @b726934-36@dF284@eG130@f3 | |
| 建设工程项目管理/高华, 陈伟珂, 黄艳敏著.-北京:机械工业出版社,2008.04 |
| 246页;26cm |
| 机工建筑考试 2008全国一级建筑师执业资格考试教习全书 |
| ISBN 978-7-111-23667-2:CNY42.00 |
| 本书内容包括:建设工程项目的组织与管理、建设工程项目施工成本控制、建设工程项目进度控制、建设工程职业健康安全与环境管理等七部分。每章包括考点集成、重要考点详解、同步练习等内容。 |
| ● |
| 相关链接 |
|
|
|
正题名:建设工程项目管理
索取号:F284/G130
 
预约/预借
| 序号 | 登录号 | 条形码 | 馆藏地/架位号 | 状态 | 备注 |
| 1 | 726934 | 207269347 | 社科二线422/409社科库 100排5列1层/ [索取号:F284/G130] | 在馆 | |
| 2 | 726935 | 207269356 | 社科二线422/409社科库 100排5列1层/ [索取号:F284/G130] | 在馆 | |
| 3 | 726936 | 207269365 | 社科库409/409社科库 100排4列3层/ [索取号:F284/G130] | 在馆 |